LEADER 00889nam0-2200313---450- 001 990008813970403321 005 20090225110242.0 010 $a2-13-038377-7 035 $a000881397 035 $aFED01000881397 035 $a(Aleph)000881397FED01 035 $a000881397 100 $a20090225d1984----km-y0itay50------ba 101 0 $afre 102 $aFR 105 $ay-------001yy 200 1 $a<>grands acteurs étrangers contemporains$fJacques Mazeau 210 $aParis$cPress universitaires de France$d1984 215 $a127 p.$d18 cm 225 1 $aQue sais-je?$v2177 676 $a791.4$v21$zita 700 1$aMazeau,$bJacques$0504880 801 0$aIT$bUNINA$gRICA$2UNIMARC 901 $aBK 912 $a990008813970403321 952 $aCollezioni 82 (2177)$b52029*$fFGBC 959 $aFGBC 996 $aGrands acteurs étrangers contemporains$9806695 997 $aUNINA LEADER 01488nam 2200409 a 450 001 9910701527103321 005 20120427102803.0 035 $a(CKB)5470000002419819 035 $a(OCoLC)790289816 035 $a(EXLCZ)995470000002419819 100 $a20120427d2012 ua 0 101 0 $aeng 135 $aurmn||||a|||| 181 $ctxt$2rdacontent 182 $cc$2rdamedia 183 $acr$2rdacarrier 200 10$aMotivational interviewing in corrections$b[electronic resource] $ea comprehensive guide to implementing MI in corrections /$fBradford Bogue, Anjali Nandi 210 1$aWashington, DC :$cU.S. Dept. of Justice, National Institute of Corrections,$d[2012] 215 $a1 online resource (vi, 71 pages) 300 $a"February 2012." 300 $a"NIC Accession Number 025556." 300 $aTitle from title screen (viewed on Apr. 27, 2012). 320 $aIncludes bibliographical references. 517 $aMotivational interviewing in corrections 606 $aMotivational interviewing$zUnited States 606 $aInterviewing in corrections$zUnited States 615 0$aMotivational interviewing 615 0$aInterviewing in corrections 700 $aBogue$b Brad M$01186967 701 $aNandi$b Anjali$01388627 712 02$aNational Institute of Corrections (U.S.) 801 0$bGPO 801 1$bGPO 906 $aBOOK 912 $a9910701527103321 996 $aMotivational interviewing in corrections$93439454 997 $aUNINA